Govt. of
Madhya Pradesh

Seasons In Classical Sanskrit Litrrature (Record no. 15448)

MARC details
000 -LEADER
fixed length control field 005390000a22001930004500
001 - CONTROL NUMBER
control field 003548
003 - CONTROL NUMBER IDENTIFIER
control field MACL
005 - DATE AND TIME OF LATEST TRANSACTION
control field 20150929104409.0
008 - FIXED-LENGTH DATA ELEMENTS--GENERAL INFORMATION
fixed length control field 150929b xxu||||| |||| 00| 0 eng d
040 ## - CATALOGING SOURCE
Original cataloging agency MACL
Transcribing agency MACL
041 ## - LANGUAGE CODE
Language code of text/sound track or separate title English
082 ## - DEWEY DECIMAL CLASSIFICATION NUMBER
Classification number 891.2/BHA
100 ## - MAIN ENTRY--PERSONAL NAME
Personal name Bhattachayya, Debjani
9 (RLIN) 12526
245 ## - TITLE STATEMENT
Title Seasons In Classical Sanskrit Litrrature
Remainder of title From the Vedas to Kalidasa
Statement of responsibility, etc. Debjani Bhattachayya
260 ## - PUBLICATION, DISTRIBUTION, ETC. (IMPRINT)
Place of publication, distribution, etc. Kolkata
Date of publication, distribution, etc. 2006
Name of publisher, distributor, etc. Progressive Publishers,
350 ## - PRICE (NR) (BK AM CF MU VM SE) [OBSOLETE]
Price 80
650 ## - SUBJECT ADDED ENTRY--TOPICAL TERM
Topical term or geographic name as entry element Literature
9 (RLIN) 12527
942 ## - ADDED ENTRY ELEMENTS (KOHA)
Call number prefix 891
Koha item type Books
Source of classification or shelving scheme
Holdings
Withdrawn status Lost status Source of classification or shelving scheme Damaged status Not for loan Home library Current library Date acquired Cost, normal purchase price Total Checkouts Full call number Barcode Date last seen Uniform Resource Identifier Price effective from Koha item type
          MACL MACL 15/04/2015 80.00   891.2/BHA CRE019302 02/05/2024 15343 15/04/2015 Books